000 01064nas a2200337 4500
001 BR2022000915
003 BR-BrBNA
005 20231205132321.0
007 ta
008 230509b bl.|||p| |||| 00| 00por d
040 _aBR-BrBNA
_bpor
_cBiblioteca Nacional de Agricultura
041 _a(En)
072 _aH60
100 1 _aUlguim, A.R.
100 1 _aFranco, J.J.
100 1 _aSilva, J.D.G.
100 1 _aAgostinetto, D.
100 1 _aVargas, L.
245 1 _aEvaluation of the mechanism responsible for the low-level resistance to ghyphosate in goosegrass
650 _aCAPIM PÉ DE GALINHA
650 _aRESISTÊNCIA A PESTICIDA
650 _aHERBICIDA
650 _aCONTROLE QUÍMICO
650 _aABSORÇÃO
650 _aTRANSLOCAÇÃO
773 0 _tPlanta Daninha (Brazil)
_xISSN 1806-9681
_g(2017), v. 35 p. 1-11
_wBR2022000915
856 4 0 _uhttps://www.scielo.br/j/pd/a/sBVVcwbVcmK6g4ts7DdFbqC/?format=pdf lang=en
856 4 0 _dLink DSPACE/MAPA BR2022000915
909 _a202311
_bLúcia
_c55
_dLúcia Elande
942 _2AGRIS
_n0
_cANA
999 _c259661
_d259661